000 00316nam a22001217a 4500
008 230629b xxu||||| |||| 00| 0 eng d
020 _a0862052556
082 _a346.6762
_bCOT 1987
245 _aCasebook o Kenya Customary Law
260 _bProfessional Books Limited
_c1987
300 _aXXVIII,348p
942 _2ddc
_cBK
999 _c3115
_d3115